[Event "Clark Harmon Memorial"]
[Site "Seattle, WA"]
[Date "2014.05.02"]
[Round "1"]
[White "Jiang Peiqi (Tony)  (WA)"]
[Black "Wilson Matthew  (OR)"]
[Result "1/2-1/2"]
[WhiteElo "1691"]
[BlackElo "1946"]
[Annotator ""]
[Source ""]
[Remark "Open"]

1.f4 c5 2.Nf3 Nf6 3.g3 Nc6 4.Bg2 d6 5.d3 Qc7 6.e4 g6 7.O-O Bg7
8.a3 O-O 9.Nc3 e6 10.h3 a6 11.g4 Rb8 12.Qe1 b5 13.Qh4 b4 14.Ne2
bxa3 15.Rxa3 Ne8 16.c3 Qd8 17.Qg3 Nf6 18.Qh4 Ne8 19.Qg3 Nf6 20.Qh4 1/2-1/2

[Event "Clark Harmon Memorial"]
[Site "Seattle, WA"]
[Date "2014.05.02"]
[Round "1"]
[White "Allen Robert  (WA)"]
[Black "Varner Murlin  (WA)"]
[Result "1-0"]
[WhiteElo "1702"]
[BlackElo "1630"]
[Annotator ""]
[Source ""]
[Remark "Reserve"]

1.d4 Nf6 2.c4 g6 3.Nc3 Bg7 4.e4 d6 5.Nf3 O-O 6.Be2 c5 7.O-O b6
8.d5 Ne8 9.Ne1 f5 10.exf5 Bxf5 11.Nd3 Bxc3 12.bxc3 e5 13.dxe6
Bxe6 14.Nf4 Ng7 15.Nxe6 Nxe6 16.Bf3 Rxf3 17.Qxf3 Nd7 18.Qd5 Ndf8
19.Re1 Qe8 20.Bh6 1-0

[Event "Clark Harmon Memorial"]
[Site "Seattle, WA"]
[Date "2014.05.03"]
[Round "1"]
[White "Mathews Dan  (WA)"]
[Black "Feng Roland  (WA)"]
[Result "0-1"]
[WhiteElo "1805"]
[BlackElo "2256"]
[Annotator ""]
[Source ""]
[Remark "Open"]

1.e4 e6 2.d4 d5 3.exd5 exd5 4.Nf3 Nf6 5.Ne5 Bd6 6.Bd3 c5 7.Bb5+
Nbd7 8.O-O O-O 9.Nxd7 Nxd7 10.Bxd7 Qxd7 11.dxc5 Bxc5 12.Bf4 Qf5
13.Bg3 Be6 14.Nd2 d4 15.Re1 Rac8 16.Nf3 ( 16.Re5 ) Qd5 17.Re5
Qd7 18.Qd3 f6 19.Rh5 g6 20.Rh4 g5 21.Re4 Bf5 22.Qb3+ Kh8 23.Ree1
Bb6 24.Rac1 Qc6 25.c3 d3 26.h3 g4 27.hxg4 Bxg4 28.Nd2 Be2 29.Qb4
Rg8 30.Qh4 Rg4 31.Qh3 Rcg8 32.Kh2 Bxf2 0-1

[Event "Clark Harmon Memorial"]
[Site "Seattle, WA"]
[Date "2014.05.03"]
[Round "1"]
[White "Dutton Carl  (WA)"]
[Black "Pupols Viktors  (WA)"]
[Result "0-1"]
[WhiteElo "1653"]
[BlackElo "2200"]
[Annotator ""]
[Source ""]
[Remark "Open"]

1.e4 e5 2.Nf3 Nc6 3.Bb5 a6 4.Ba4 Nf6 5.O-O d6 6.Re1 b5 7.Bb3
Be7 8.c3 O-O 9.h3 Na5 10.Bc2 c5 11.d4 Qc7 12.Nbd2 cxd4 13.cxd4
Nc6 14.d5 Nb4 15.Bb1 a5 16.a3 Na6 17.Nf1 Nc5 18.Ng3 Re8 19.Be3
( 19.Bd2 Ba6 20.Bc2 Rec8 21.Rc1 Ncd7 22.Bd3 Qd8 23.Qe2 Rxc1 24.Rxc1
Nc5 25.Nf5 Bf8 26.b4 Nb3 27.Rc2 Nxd2 28.Qxd2 a4 29.Qe3 Rc8 30.Qg5
Qd7 31.Rxc8 Qxc8 32.Nh6+ Kh8 33.Nxf7+ Kg8 34.Nh6+ Kh8 35.Ng4
Nxg4 36.Qxg4 Qc1+ 37.Bf1 Qxa3 38.Qf5 {1-0, Visser PR - Van Beusekom L, Haarlem (Netherlands) 1990}
) a4 20.Bxc5 Qxc5 21.Bd3 Bd7 22.Rc1 Qb6 23.Qd2 Reb8 24.Qb4 Qa5
25.Rc3 Qxb4 26.axb4 g6 27.Rec1 Bd8 28.Ra3 Ne8 29.Rca1 Nc7 30.b3
axb3 31.Rxa8 Rxa8 32.Rb1 Ra3 33.Kh2 Na6 34.Nd2 Nxb4 35.Be2 Bb6
36.f3 Na2 37.Rxb3 Rxb3 38.Nxb3 Nc3 39.Bd3 Na4 40.Bc2 Nc5 41.Ne2
Nxb3 42.Bxb3 Ba5 43.g4 Kf8 44.h4 Ke7 45.g5 Be1 46.Ng3 Kd8 47.h5
Bd2 48.hxg6 hxg6 49.Ne2 Bxg5 50.Kg2 Ke7 51.Ba2 Kf6 0-1

[Event "Clark Harmon Memorial"]
[Site "Seattle, WA"]
[Date "2014.05.03"]
[Round "1"]
[White "Pothukuchi Revanth  (WA)"]
[Black "Anthony Ralph  (WA)"]
[Result "0-1"]
[WhiteElo "1320"]
[BlackElo "1671"]
[Annotator ""]
[Source ""]
[Remark "Reserve"]

1.e4 d6 2.d4 Nf6 3.Nc3 g6 4.Be3 Bg7 5.Be2 O-O 6.f3 b6 7.Qd2 c5
8.O-O-O cxd4 9.Bxd4 Nc6 10.Be3 Be6 11.Bh6 Rc8 12.Bxg7 Kxg7 13.Ba6
Rb8 14.Nd5 Bc8 15.Bb5 Nxd5 16.Qxd5 Ne5 17.f4 Nd7 18.h3 Bb7 19.Qd4+
Kg8 20.Nf3 Qc7 21.e5 Rbc8 22.Rd2 d5 23.g4 e6 24.f5 Nc5 25.fxg6
fxg6 26.Bd3 Rxf3 27.Be2 Rf7 28.g5 Ne4 29.Bg4 Nxd2 30.Qxd2 d4
31.Rh2 Rf1+ 32.Bd1 Bf3 33.Qd3 Rxd1+ 34.Qxd1 Bxd1 35.Kxd1 Qxe5
36.Re2 Qxe2+ 37.Kxe2 Rxc2+ 0-1

[Event "Clark Harmon Memorial"]
[Site "Seattle, WA"]
[Date "2014.05.03"]
[Round "2"]
[White "Varner Murlin  (WA)"]
[Black "Pothukuchi Revanth  (WA)"]
[Result "0-1"]
[WhiteElo "1630"]
[BlackElo "1305"]
[Annotator ""]
[Source ""]
[Remark "Reserve"]

1.c4 e5 2.Nc3 f5 3.g3 g6 4.Bg2 Bg7 5.e4 {?!} ( 5.d4 ) d6 6.Nf3
Ne7 7.O-O O-O ( 7...O-O 8.Qb3 Kh8 9.Re1 Nbc6 10.Re3 Nd4 11.Nxd4
exd4 12.Rd3 dxc3 13.dxc3 Nc6 14.c5 fxe4 15.Bxe4 Qe7 16.Rd5 Be6
17.Bg5 Qf7 18.Rad1 Bxd5 19.Bxd5 Qxf2+ 20.Kh1 Rae8 21.Bd2 Re2
{0-1, Bu khalaf Hussain - Khouri Ibrahim Mohamed (UAE) 2042, Dubai (United Arab Emirates) 2005.07.05}
) 8.d4 exd4 9.Nxd4 Nbc6 10.Nxc6 Nxc6 11.exf5 Bxf5 12.Qb3 Rb8
13.Bf4 Be6 14.Bd5 Bxd5 15.Nxd5 Nd4 16.Qd3 Qd7 17.Rae1 Rbe8 18.Kg2
Rxe1 19.Rxe1 Ne6 20.b3 c6 21.Bxd6 Rf7 22.Ne3 Nc5 23.Qd1 Ne4 24.Bf4
Qe8 25.f3 g5 26.Ng4 gxf4 27.Rxe4 Re7 28.Rxf4 Re2+ 29.Kf1 Rxa2
30.Re4 Qf8 31.f4 {??} ( 31.Qd3 {%02$16/+_} ) Ra1 32.Nh6+ Kh8
33.Qxa1 Bxa1 34.Re6 Bg7 35.Ng4 Qf5 36.Re8+ Bf8 37.Nh6 Qh3+ 0-1

[Event "Clark Harmon Memorial"]
[Site "Seattle, WA"]
[Date "2014.05.03"]
[Round "2"]
[White "Pupols Viktors  (WA)"]
[Black "Raptis Nick  (OR)"]
[Result "0-1"]
[WhiteElo "2200"]
[BlackElo "2392"]
[Annotator ""]
[Source ""]
[Remark "Open"]

1.d4 Nf6 2.c4 e6 3.Nc3 b6 4.Bg5 h6 5.Bh4 Bb7 6.e3 Bb4 7.Nf3 g5
8.Bg3 Ne4 9.Qc2 f5 10.Bd3 O-O 11.O-O Bxc3 12.bxc3 d6 13.Nd2 Nxd2
14.Qxd2 Nd7 15.f3 Qf6 ( 15...Qf6 16.Rae1 e5 17.Qc2 Bc6 18.Bf2
Rae8 19.Qb3 e4 20.Be2 Kh8 21.Qc2 Qg6 22.d5 Bb7 23.Qd1 Qg7 24.Qd4
Nc5 25.Kh1 Bc8 26.Rg1 Bd7 27.Ref1 Ba4 28.Rc1 Re7 29.f4 g4 30.Bh4
Ree8 31.Rgf1 Kh7 32.Kg1 Qg6 33.Kh1 Nd3 34.Ra1 Bc2 35.a4 a5 36.Ra2
Bb3 37.Ra3 Nc5 38.Bd1 Bxd1 39.Rxd1 Qh5 40.Bg3 Qf7 41.Bh4 Qd7
42.Rda1 Nd3 43.Rb1 Rf7 44.Kg1 Rg8 45.Kf1 Qe8 46.Kg1 Rff8 47.Kf1
g3 48.hxg3 Qh5 49.Kg1 Qe2 50.Raa1 Rg4 51.Kh2 Rxh4+ 52.gxh4 Rg8
53.Rg1 Qf2 {0-1, Babev Aleksandar (BUL) 2315 - Mechkarov Ventzeslav (BUL) 2275, Sofia (Bulgaria) 1979}
) 16.e4 fxe4 17.Bxe4 Bxe4 18.fxe4 Qe7 19.h3 Rxf1+ 20.Rxf1 Rf8
21.Rxf8+ Kxf8 22.h4 Kg7 23.hxg5 Qxg5 24.Bf4 Qg6 25.e5 dxe5 26.Bxe5+
Nxe5 27.dxe5 Qb1+ 28.Kh2 Qf5 29.Qd7+ Qf7 30.Qd4 c5 31.Qe4 Qh5+
32.Kg1 Qg5 33.Qb7+ Kg6 34.Qxa7 Qe3+ 35.Kf1 Qxc3 36.Qxb6 Qxc4+
37.Kg1 Qd4+ 38.Kh1 Qa1+ 39.Kh2 Qxe5+ 40.Kh3 c4 41.Qc6 c3 42.Qe8+
Kf5 43.Qh5+ Ke4 44.Qe2+ Kd4 45.Qd1+ Kc5 46.Qa4 Qd5 47.Qa7+ Kb4
48.Qe7+ Kc4 49.Qh4+ Kd3 50.Qxh6 c2 51.a4 Qc4 0-1

[Event "Clark Harmon Memorial"]
[Site "Seattle, WA"]
[Date "2014.05.03"]
[Round "2"]
[White "Feng Roland  (WA)"]
[Black "Deshpande Aaryan  (WA)"]
[Result "1-0"]
[WhiteElo "2245"]
[BlackElo "1748"]
[Annotator ""]
[Source ""]
[Remark "Open"]

1.d4 d5 2.c4 e6 3.Nc3 Nf6 4.cxd5 exd5 5.Bg5 c6 6.e3 Bf5 7.Qf3
Bg6 8.Bxf6 Qxf6 9.Qxf6 gxf6 10.h4 h5 11.Rc1 Nd7 12.f3 Bh6 13.Kf2
O-O 14.Nge2 Rfe8 15.Nf4 Rxe3 16.Kxe3 Re8+ 17.Kf2 Bxf4 18.Be2
Be3+ 19.Kg3 Bxc1 20.Rxc1 Nf8 21.Rd1 Ne6 22.Kf2 Kg7 23.g3 Bc2
24.Rd2 Bg6 25.Nd1 f5 26.f4 f6 27.Bf3 Nc7 28.Ne3 Nb5 29.Be2 Nd6
30.Bd3 Ne4+ 31.Bxe4 Rxe4 32.b4 a6 33.Nd1 Re8 34.Nc3 Bf7 35.Na4
Be6 36.Re2 Kf7 37.Nc5 Bc8 38.Rc2 Ke7 39.a4 Kd6 40.Nb3 Re4 41.b5
axb5 42.axb5 Bd7 43.b6 Bc8 44.Rc1 Ke7 45.Rd1 Kd6 46.Rd2 Re7 47.Nc5
Rh7 48.Ra2 Ke7 49.Ra8 Kd8 50.Ke3 Re7+ 51.Kd3 Rh7 52.Kc3 Re7 53.Kb4
Rh7 54.Nb3 Re7 55.Na5 Kd7 56.Nb3 Kd8 57.Rb8 Re4 58.Na5 Re7 59.Kc5
Rd7 60.Nxc6+ bxc6 61.Kxc6 Re7 62.b7 Rxb7 63.Rxb7 Bxb7+ 64.Kxb7
Kd7 65.Kb6 Kd6 66.Kb5 1-0

[Event "Clark Harmon Memorial"]
[Site "Seattle, WA"]
[Date "2014.05.03"]
[Round "2"]
[White "Dutton Carl  (WA)"]
[Black "Mathews Dan  (WA)"]
[Result "1-0"]
[WhiteElo "1711"]
[BlackElo "1814"]
[Annotator ""]
[Source ""]
[Remark "Open"]

1.e4 c5 2.Nf3 e6 3.d4 cxd4 4.Nxd4 Nc6 5.c4 Bb4+ 6.Nc3 Qf6 7.Be3
Nge7 8.Be2 a6 9.O-O e5 10.Nf3 g6 11.Nd5 Nxd5 12.cxd5 Nd8 13.Nxe5
O-O 14.Ng4 Qg7 15.Bh6 Qxb2 16.Rb1 Qc3 17.Rb3 Qc5 18.Nf6+ Kh8
19.Qa1 1-0

[Event "Clark Harmon Memorial"]
[Site "Seattle, WA"]
[Date "2014.05.03"]
[Round "3"]
[White "Sehgal Rahul  (WA)"]
[Black "Varner Murlin  (WA)"]
[Result "0-1"]
[WhiteElo "1411"]
[BlackElo "1630"]
[Annotator ""]
[Source ""]
[Remark "Reserve"]

1.e4 e6 2.d4 d5 3.exd5 exd5 4.Nc3 Bb4 5.Nf3 Nf6 6.Bd3 O-O 7.O-O
Nc6 8.Re1 Bg4 ( 8...Bg4 9.Bg5 Qd6 10.Re3 a6 11.Qd2 Rae8 12.Rae1
Rxe3 13.Rxe3 Nd8 14.Qe1 Nc6 15.Bxf6 gxf6 16.Nh4 Kh8 17.Rg3 Qd7
18.h3 Bh5 19.Qd2 Bg6 20.Qh6 Ne7 21.Qxf8+ Ng8 22.Qxb4 {1-0, Umancova Barbora (CZE) 1913 - Pirklova Hana (CZE) 2139, Plzen (Czech Republic) 1993}
) 9.h3 Bh5 10.Be3 Qd7 11.a3 Ba5 12.b4 Bb6 13.b5 {?}
( 13.Be2 ) Nxd4 14.Bxd4 Bxd4 15.Bxh7+ Nxh7 16.Qxd4 Bxf3 17.gxf3
Qxh3 18.Qxd5 Rab8 ( 18...Rad8 ) 19.Re7 Nf6 20.Qd3 Rbd8 21.Qe3
Nd5 22.Nxd5 Rxd5 23.Rxc7 Rxb5 {??} ( 23...Rh5 24.Rc4 Qh1# ) 24.Qf4
{??} ( 24.f4 ) Rh5 0-1

[Event "Clark Harmon Memorial"]
[Site "Seattle, WA"]
[Date "2014.05.03"]
[Round "2"]
[White "Raffel Brian  (WA)"]
[Black "Wilson Matthew  (OR)"]
[Result "1/2-1/2"]
[WhiteElo "1517"]
[BlackElo "1942"]
[Annotator ""]
[Source ""]
[Remark "Open"]

1.e4 c5 2.Nf3 a6 3.d4 cxd4 4.Nxd4 Nf6 5.Nc3 e5 6.Nb3 Bb4 7.Bd3
d5 8.exd5 Nxd5 9.Bd2 Nxc3 10.bxc3 Be7 11.O-O Nc6 12.Be3 O-O 13.Qe2
Kh8 14.Rad1 Qc7 15.f4 Bd6 16.Qf2 exf4 17.Bxf4 Bxf4 18.Qxf4 Qxf4
19.Rxf4 Ne5 20.Re1 Nxd3 21.cxd3 Kg8 22.Nd4 Bd7 23.Re7 Rad8 24.Kf2
Bc8 25.Ke3 Rd5 26.Nf3 Ra5 27.a4 Rd5 28.h4 Rd7 29.Rfe4 Rd6 30.Nd4
Bd7 31.g4 g6 32.Nb3 1/2-1/2

[Event "Clark Harmon Memorial"]
[Site "Seattle, WA"]
[Date "2014.05.03"]
[Round "2"]
[White "Hasuike Mike  (OR)"]
[Black "Rajesh Anirudh  (WA)"]
[Result "1-0"]
[WhiteElo "1567"]
[BlackElo "592"]
[Annotator ""]
[Source ""]
[Remark "Reserve"]

1.d4 d5 2.e3 Nf6 3.Bd3 Nc6 4.f4 g6 5.Nd2 Bg7 6.c3 O-O 7.Ngf3
Bg4 8.O-O e6 9.Qe1 Bf5 10.e4 dxe4 11.Nxe4 Qd5 12.Nxf6+ Bxf6 13.Bxf5
Qxf5 14.Ne5 Bxe5 15.fxe5 Qd3 16.Bh6 Rfd8 17.Rf3 Qb5 18.Qh4 Qxb2
19.Raf1 Rd7 20.Qf6 Qxa2 21.Qg7# 1-0

[Event "Clark Harmon Memorial"]
[Site "Seattle, WA"]
[Date "2014.05.03"]
[Round "2"]
[White "Anthony Ralph  (WA)"]
[Black "Puri Ishaan  (WA)"]
[Result "1-0"]
[WhiteElo "1671"]
[BlackElo "1371"]
[Annotator ""]
[Source ""]
[Remark "Reserve"]

1.e4 e5 2.Nf3 Nc6 3.Bb5 a6 4.Ba4 Nf6 5.O-O Bc5 6.c3 d6 7.d4 exd4
8.cxd4 Ba7 9.e5 dxe5 10.Nxe5 Bd7 11.Nxd7 Nxd7 12.Re1+ Ne7 13.Bg5
f6 14.Bh4 O-O 15.Qb3+ Kh8 16.Qe6 Ng6 17.Bxd7 Nxh4 18.Re4 Ng6
19.Nc3 c6 20.Rae1 Rg8 21.Qh3 Nf8 22.Rh4 h6 23.Be6 ( 23.Re8 Qxd7
24.Rxa8 ) Qe7 24.Kf1 Re8 25.Rhe4 {? =} ( 25.Re2 {+-} ) Qd6 {?}
( 25...Nxe6 { =} ) 26.Bxg8 Rxe4 27.Nxe4 Qxd4 28.Bb3 Kh7 29.Qc3
Qxc3 30.Nxc3 Ng6 31.Bc2 b5 32.Re6 Bb8 33.Rxc6 Bxh2 34.g3 Bxg3
35.fxg3 1-0

[Event "Clark Harmon Memorial"]
[Site "Seattle, WA"]
[Date "2014.05.03"]
[Round "3"]
[White "Rajesh Anirudh  (WA)"]
[Black "Dorfner Gary  (WA)"]
[Result "0-1"]
[WhiteElo "529"]
[BlackElo "1086"]
[Annotator ""]
[Source ""]
[Remark "Reserve"]

1.e4 e5 2.Nf3 Nc6 3.Nc3 Be7 4.Bb5 d6 5.d3 Nf6 6.Bg5 Bg4 7.Bxf6
Bxf6 8.Nd5 O-O 9.O-O Nd4 10.Bc4 Nxf3+ 11.gxf3 Bh3 12.Re1 Bh4
13.Re3 Qg5+ 14.Kh1 Qg2# 0-1

[Event "Clark Harmon Memorial"]
[Site "Seattle, WA"]
[Date "2014.05.03"]
[Round "3"]
[White "Pothukuchi Revanth  (WA)"]
[Black "Hasuike Mike  (OR)"]
[Result "0-1"]
[WhiteElo "1320"]
[BlackElo "1505"]
[Annotator ""]
[Source ""]
[Remark "Reserve"]

1.e4 Nf6 2.e5 Nd5 3.d4 d6 4.c4 Nb6 5.exd6 exd6 6.Nc3 Nc6 7.Be3
Be7 8.Qc2 Bf6 9.Qd2 Bf5 10.Be2 O-O 11.g4 Bd7 12.Ne4 Re8 13.Nxf6+
Qxf6 14.O-O-O Rad8 15.Bd3 Bxg4 16.Rf1 Qe7 17.Ne2 Bxe2 18.Qxe2
Qh4 19.Qd2 f6 20.Rfg1 Kh8 21.Bf1 d5 22.Rg3 Nxc4 23.Qc2 Nxd4 24.Qd3
Nxe3 25.fxe3 Nc6 26.Bg2 Ne5 27.Qb1 Qc4+ 28.Kd2 Qb4+ 29.Ke2 Qc4+
30.Kd2 Qb4+ 31.Ke2 Nc4 32.Rh3 Qd2+ 33.Kf1 Nxe3+ 34.Rxe3 Rxe3
35.Qxh7+ Kxh7 36.Be4+ dxe4 37.Rg1 Qe2# 0-1

[Event "Clark Harmon Memorial"]
[Site "Seattle, WA"]
[Date "2014.05.04"]
[Round "5"]
[White "He Anthony  (WA)"]
[Black "Wilson Matthew  (OR)"]
[Result "1-0"]
[WhiteElo "1900"]
[BlackElo "1946"]
[Annotator ""]
[Source ""]
[Remark "Open"]

1.e4 c5 2.Nf3 e6 3.d4 cxd4 4.Nxd4 Nc6 5.Nc3 Qc7 6.Be2 Nf6 7.O-O
Nxd4 8.Qxd4 Bc5 9.Qd3 O-O 10.Kh1 Be7 11.f4 d6 12.Be3 Rd8 13.Bf3
Bd7 14.Rad1 a6 15.g4 Bc6 16.Ne2 Bb5 17.Qd2 Rac8 18.c3 d5 19.e5
Nd7 20.Rg1 Bxe2 21.Qxe2 b5 22.Bd4 Bc5 23.Qg2 b4 24.Qh3 bxc3 25.bxc3
Bf8 26.Rde1 Re8 27.Be2 Ra8 28.Bd3 g6 29.Re2 ( 29.f5 ) Bg7 30.Qf3
Nf8 31.h3 Nd7 32.h4 Reb8 33.h5 Re8 34.Rh2 g5 35.Re2
( 35.h6 Bh8 36.Rh5 ) gxf4 36.Qxf4 f6 37.h6 Bf8 38.g5 fxe5 39.Bxh7+
Kxh7 40.Qf7+ Kh8 41.g6 Re7 42.g7+ 1-0

[Event "Clark Harmon Memorial"]
[Site "Seattle, WA"]
[Date "2014.05.04"]
[Round "5"]
[White "Feng Roland  (WA)"]
[Black "Lessler Peter  (WA)"]
[Result "0-1"]
[WhiteElo "2245"]
[BlackElo "2220"]
[Annotator ""]
[Source ""]
[Remark "Open"]

1.d4 Nf6 2.c4 e6 3.Nc3 Bb4 4.Qc2 d5 5.a3 Bxc3+ 6.Qxc3 Ne4 7.Qc2
c5 8.dxc5 Nc6 9.Nf3 Qa5+ 10.Bd2 Qxc5 11.e3 Nxd2 12.Nxd2 d4 13.e4
a5 14.b3 O-O 15.Bd3 e5 16.O-O Be6 17.Qb2 Qe7 18.Rfc1 b6 19.Rc2
Nb8 20.Rac1 Nd7 21.b4 axb4 22.axb4 Rfb8 23.Qb1 Ra3 24.Rb2 g6
25.Nf3 Kg7 26.h3 Rba8 27.Qc2 h6 28.Qd2 Qd6 29.Ne1 Rc8 30.Rbc2
Ra4 31.c5 bxc5 32.Bb5 Rxb4 33.Qxb4 cxb4 34.Rxc8 b3 35.Nd3 Qa3
36.R8c6 b2 37.Rf1 Qb3 38.Rxe6 Qxb5 0-1

[Event "Clark Harmon Memorial"]
[Site "Seattle, WA"]
[Date "2014.05.04"]
[Round "5"]
[White "Cherepakhin Olga  (WA)"]
[Black "Anthony Ralph  (WA)"]
[Result "1-0"]
[WhiteElo "1767"]
[BlackElo "1671"]
[Annotator ""]
[Source ""]
[Remark "Reserve"]

1.e4 d6 2.d4 Nf6 3.Nc3 g6 4.f4 Bg7 5.Nf3 c5 6.Bb5+ Bd7 7.Bxd7+
Nbxd7 8.O-O cxd4 9.Nxd4 O-O 10.Kh1 Rc8 11.f5 ( 11.Nf3 Rxc3 12.bxc3
Nxe4 13.Bd2 Qc7 14.Qe2 Nxd2 15.Nxd2 Bxc3 16.Rab1 e6 17.Ne4 Bg7
18.c4 d5 19.cxd5 exd5 20.Ng3 Nc5 21.f5 Rd8 22.f6 Bf8 23.Qf3 d4
24.Ne4 b6 25.h4 d3 26.h5 Nxe4 27.Qxe4 Qc5 28.Qf3 Rd5 29.g4 d2
30.hxg6 hxg6 31.a4 Qc4 32.Rbd1 Rd3 33.Qg2 Qc3 34.Qe2 Rh3+ 35.Kg1
Bc5+ 36.Rf2 Qg3+ {0-1, Salazar Horacio - Roisman Fabio (ARG) 2242, Rosario (Argentina) 2000}
) Ne5 12.Qe1 Qb6 13.Nf3 Nc4 14.fxg6 hxg6 15.Rb1 Qc5 16.Ng5 Nh7
17.Nxh7 Kxh7 18.Nd5 Bf6 19.Rxf6 exf6 20.Qh4+ Kg8 21.Nxf6+ Kg7
22.Bh6+ Kh8 23.Bg5+ Kg7 24.Qh7# 1-0

[Event "Clark Harmon Memorial"]
[Site "Seattle, WA"]
[Date "2014.05.04"]
[Round "5"]
[White "Pothukuchi Revanth  (WA)"]
[Black "Sherry Christopher  (WA)"]
[Result "0-1"]
[WhiteElo "1320"]
[BlackElo "1669"]
[Annotator ""]
[Source ""]
[Remark "Reserve"]

1.e4 e6 2.d4 d5 3.Nc3 Bb4 4.Bd3 dxe4 5.Bxe4 Nf6 6.Bf3 O-O 7.Nge2
Nbd7 8.O-O c5 9.dxc5 Ne5 10.Be4 Bxc5 11.Bf4 Neg4 12.Bf3 Qb6 13.Bg3
Rd8 14.Qc1 Bd7 15.Nf4 Bc6 16.Bxc6 Qxc6 17.Nd3 Bd4 18.Ne2 Bb6
19.Ne5 Nxe5 20.Bxe5 Ne4 21.c3 Qb5 22.Qf4 Qxe2 23.Bd4 Bxd4 24.cxd4
Nf6 25.b3 Rd5 26.Rfc1 Qe4 27.Qc7 Rad8 28.Qxb7 Qxd4 29.h3 Ne4
30.Rf1 Nxf2 31.Rxf2 Qxa1+ 32.Kh2 Qe5+ 33.g3 Qb8 34.Qxf7+ Kh8 0-1

[Event "Clark Harmon Memorial"]
[Site "Seattle, WA"]
[Date "2014.05.03"]
[Round "3"]
[White "Raptis Nick  (OR)"]
[Black "Feng Roland  (WA)"]
[Result "1-0"]
[WhiteElo "2400"]
[BlackElo "2245"]
[Annotator ""]
[Source ""]
[Remark "Open"]

1.d4 d5 2.Nf3 e6 3.g3 c5 4.Bg2 Nc6 5.O-O Nf6 6.c4 dxc4 7.Ne5
Bd7 8.Na3 cxd4 9.Naxc4 Rc8 10.Bf4 Nxe5 11.Nxe5 Qb6 12.Nxd7 Nxd7
13.Qa4 Bd6 14.Bxb7 Rc7 15.Bxd6 Qxd6 16.Qxa7 O-O 17.Qa6 Qb4 18.Bg2
Qxb2 19.a4 Qb4 20.Rfb1 Qc5 21.Rb5 Qc3 22.Rbb1 Ne5 23.Qd6 d3 24.exd3
Rd7 25.Qa3 Qd4 26.Qb2 Qc5 27.Rc1 Qd6 28.Qa3 Qd4 29.Qc3 Nxd3 30.Qxd4
Rxd4 31.Rc7 e5 32.Bb7 f5 33.a5 f4 34.a6 fxg3 35.hxg3 Nxf2 36.a7
Rd2 37.Bc8 Rf3 38.Be6+ 1-0

[Event "Clark Harmon Memorial"]
[Site "Seattle, WA"]
[Date "2014.05.03"]
[Round "3"]
[White "Wilson Matthew  (OR)"]
[Black "Dutton Carl  (WA)"]
[Result "1/2-1/2"]
[WhiteElo "1946"]
[BlackElo "1711"]
[Annotator ""]
[Source ""]
[Remark "Open"]

1.e4 c5 2.Nf3 e6 3.d4 cxd4 4.Nxd4 a6 5.Bd3 Nf6 6.Qe2 d6 7.c4
Nbd7 8.Nc3 Be7 9.O-O O-O 10.f4 Qc7 11.Be3 b6 12.Rac1 Bb7 13.b4
Rfe8 14.a3 Bf8 15.Nb3 Qd8 16.Bd2 Rc8 17.Rfe1 Kh8 18.Qf2 Ng8 19.Be3
Ba8 20.Red1 Ngf6 21.h3 a5 22.Na4 axb4 23.Nxb6 Nxb6 24.Bxb6 Qe7
25.axb4 Nxe4 26.Bxe4 Bxe4 27.Bd4 Qb7 28.Nd2 f5 29.Bc3 Be7 30.Re1
Bd8 31.Nxe4 fxe4 32.Qe3 Bb6 33.Bd4 1/2-1/2

[Event "Clark Harmon Memorial"]
[Site "Seattle, WA"]
[Date "2014.05.03"]
[Round "3"]
[White "He Anthony  (WA)"]
[Black "Pupols Viktors  (WA)"]
[Result "1-0"]
[WhiteElo "1900"]
[BlackElo "2200"]
[Annotator ""]
[Source ""]
[Remark "Open"]

1.e4 e5 2.Nf3 Nc6 3.Bc4 Be7 4.d3 Nf6 5.O-O O-O 6.Re1 d6 7.a4
Bg4 8.Nbd2 Nd7 9.h3 Bh5 10.c3 Kh8 11.Nf1 f6 12.Ng3 Bf7 13.Bxf7
Rxf7 14.Qb3 Rf8 15.Qxb7 Na5 16.Qb4 c6 17.Nf5 Rb8 18.Qa3 Nb3 19.Rb1
Ndc5 20.Rd1 g6 21.Nxe7 Qxe7 22.Be3 f5 23.Bxc5 Nxc5 24.exf5 Rxf5
25.d4 Ne6 26.dxe5 Rxf3 27.Qxd6 Qh4 28.Qxb8+ Rf8 29.Qxa7 c5 30.Rf1
Qg5 31.Qb7 Nf4 32.Kh1 Qxe5 33.a5 c4 34.a6 Nd3 35.a7 Qe8 36.b3
Nc5 37.Qd5 1-0

[Event "Clark Harmon Memorial"]
[Site "Seattle, WA"]
[Date "2014.05.04"]
[Round "4"]
[White "Anthony Ralph  (WA)"]
[Black "Allen Robert  (WA)"]
[Result "1-0"]
[WhiteElo "1671"]
[BlackElo "1702"]
[Annotator ""]
[Source ""]
[Remark "Reserve"]

1.e4 c5 2.Nf3 d6 3.d4 cxd4 4.Nxd4 Nf6 5.f3 g6 6.c4 Bg7 7.Nc3
O-O 8.Be3 Nc6 9.Nc2 Bd7 10.Be2 Rc8 11.O-O Ne5 12.b3 a6 13.Qd2
Qc7 14.Rac1 b5 15.Nb4 ( 15.Nd5 Nxd5 16.cxd5 Qc3 17.Nb4 Qxd2 18.Bxd2
a5 19.Nc6 Nxc6 20.dxc6 Bd4+ 21.Kh1 Bxc6 22.Bxa5 Bd7 23.Rfd1 Be3
24.Rxc8 Rxc8 25.Bd3 Ra8 26.Bd2 Bxd2 27.Rxd2 Rc8 28.Kg1 b4 29.Bc4
Rc5 30.g3 Kf8 31.Kf2 g5 32.Ke3 f6 33.Kd3 Bc8 34.Kc2 Bb7 35.Kd3
f5 36.Kd4 e5+ 37.Kd3 Ke7 38.Ke3 f4+ 39.gxf4 exf4+ 40.Kd4 Bc8
41.Bd3 Be6 42.Bc4 Bh3 43.Kd3 Kf6 44.Ke2 Ke5 45.Kd3 h5 46.Ke2
g4 47.Kf2 gxf3 48.Kxf3 Bg4+ 49.Kf2 h4 50.Rd3 Ra5 {0-1, Gehlert Klaus (GER) 2251 - Mohlzahn N, Nuernberg (Germany) 1990}
) bxc4 16.Ncd5 Nxd5 17.Nxd5 Qd8 18.Bb6 Qe8 19.Nc7 Qd8 20.Nd5
Qe8 21.f4 Ng4 22.Nc7 Qd8 23.Qa5 Bd4+ 24.Bxd4 Qxc7 25.Bb6 Qb7
26.Bxc4 Rb8 27.Bc7 Qa7+ 28.Kh1 Nf2+ 29.Rxf2 Qxf2 30.Rf1 Qd4 31.Bxb8
Rxb8 32.Qc7 Qxe4 33.Qxb8+ Kg7 34.Qb6 d5 35.Bxa6 d4 36.Qc7 1-0

[Event "Clark Harmon Memorial"]
[Site "Seattle, WA"]
[Date "2014.05.03"]
[Round "3"]
[White "Hu Ethan  (WA)"]
[Black "Larkin Morgan  (WA)"]
[Result "1/2-1/2"]
[WhiteElo "105"]
[BlackElo "1529"]
[Annotator ""]
[Source ""]
[Remark "Reserve"]

1.Nf3 Nf6 2.d4 g6 3.c4 Bg7 4.Bf4 d6 5.e3 O-O 6.Nc3 c6 7.h3 a6
8.Bd3 b5 9.Qb3 Bb7 10.O-O Re8 11.a4 Qc8 12.Nd2 e5 13.Bg3 bxa4
14.Nxa4 Nbd7 15.c5 e4 16.Bc4 d5 17.Be2 a5 18.Bh4 Ba6 19.Bxa6
Qxa6 20.Qc3 Reb8 21.Rfb1 Rb4 22.b3 Nh5 23.Be7 f5 24.Bd6 f4 25.Re1
fxe3 26.fxe3 Qb5 27.Rab1 Ra7 28.Kh2 Bf8 29.Bxf8 Kxf8 30.Rf1+
Ke7 31.Rf2 Qb8+ 32.Kg1 Qg3 33.Rbf1 Nhf6 34.Nb6 Rb7 35.Nxd7 Nxd7
36.Rf7+ Ke8 37.Rxh7 a4 38.bxa4 Rxa4 {%02 (Black gets away with one here, as White is significantly ahead.  39.Nxe4  dxe4  40.d5 Ne5 41.Rxb7 +-)}
 1/2-1/2

[Event "Clark Harmon Memorial"]
[Site "Seattle, WA"]
[Date "2014.05.04"]
[Round "4"]
[White "Wilson Matthew  (OR)"]
[Black "Bonrud Neal  (WA)"]
[Result "1-0"]
[WhiteElo "1946"]
[BlackElo "1779"]
[Annotator ""]
[Source ""]
[Remark "Open"]

1.e4 e5 2.Nf3 Nf6 3.Nxe5 d6 4.Nf3 Nxe4 5.c4 Nc6 6.d3 Nf6 7.d4
Bg4 8.Be3 d5 9.c5 g6 10.Bb5 Bg7 11.Bxc6+ bxc6 12.Qa4 O-O 13.Ne5
Bd7 14.O-O Qe8 15.Nxd7 Qxd7 16.Nc3 a5 17.Rfe1 Rfb8 18.Qc2 Ng4
19.Rad1 Nxe3 20.Rxe3 Re8 21.Rxe8+ Rxe8 22.h3 Rb8 23.b3 Re8 24.Qd3
Qc8 25.Kf1 Qb7 26.Qd2 Qb4 27.Ne2 Qb5 28.Qd3 Kf8 29.Nc3 Qxd3+
30.Rxd3 Re7 31.Ne2 Ke8 32.Re3 Kd7 33.Rxe7+ Kxe7 34.Ke1 Ke6 35.Kd2
h5 36.Kc3 Kd7 37.a4 Bf6 38.b4 axb4+ 39.Kxb4 Kc8 40.Kc3 Bg5 41.f4
Bh6 42.h4 Kb7 43.g3 Ka6 44.Nc1 Ka5 45.Kb3 Bg7 46.Ka3 Ka6 47.Nb3
Bh6 48.Kb4 f6 49.Kc3 g5 50.fxg5 fxg5 51.hxg5 Bxg5 52.Kd3 h4 53.gxh4
Bxh4 54.Ke3 Be1 55.Kf4 Kb7 56.Ke5 Kc8 57.Ke6 Bf2 58.a5 Be1 59.a6
Bc3 60.a7 Kb7 61.Kd7 Kxa7 62.Kxc7 Be1 63.Kxc6 Kb8 64.Kd7 Bg3
65.c6 Bf4 66.Nc5 1-0

[Event "Clark Harmon Memorial"]
[Site "Seattle, WA"]
[Date "2014.05.04"]
[Round "4"]
[White "Pupols Viktors  (WA)"]
[Black "Zhang Eric M  (WA)"]
[Result "1-0"]
[WhiteElo "2200"]
[BlackElo "1701"]
[Annotator ""]
[Source ""]
[Remark "Open"]

1.d4 Nf6 2.c4 e6 3.Nc3 Bb4 4.Qb3 Bxc3+ 5.Qxc3 Ne4 6.Qc2 f5 7.Nf3
Nc6 8.a3 b6 9.b4 Bb7 10.e3 a5 11.b5 Nb8 12.a4 d6 13.Bd3 Nd7 14.Bb2
Qe7 15.O-O-O O-O-O 16.Ne1 Qh4 17.g3 Qh5 18.Be2 Qh6 19.Bf3 Ndf6
20.Nd3 Ng4 21.Kb1 Nc3+ 22.Bxc3 Bxf3 23.Rc1 Bxh1 24.Rxh1 Qh3 25.Nf4
Qh6 26.d5 e5 27.Qxf5+ Rd7 28.Qxg4 exf4 29.gxf4 Qg6+ 30.Qxg6 hxg6
31.Kc2 Rf7 32.Be1 Rh3 33.Rg1 Rxh2 34.Rxg6 Kd7 35.Kd3 Rh7 36.Bc3
Ke8 37.Rg4 Rh2 38.Ke2 Kf8 39.e4 Rh3 40.Rg3 Rh4 41.Bd2 Rh1 42.Ra3
g6 43.e5 dxe5 44.fxe5 Rh4 45.e6 Rf5 46.Rc3 Re5+ 47.Be3 Rf5 48.Rc1
Ke8 49.Kd3 Rh3 50.Kc2 Rh4 51.Kb3 Rh3 52.Rc3 Rff3 53.c5 bxc5 54.Kc4
Rh4+ 55.Kxc5 Rhh3 56.b6 cxb6+ 57.Kd6 Kf8 58.Rc8+ Kg7 59.Bd4+
Kh6 60.e7 Rf6+ 61.Bxf6 Re3 62.Rh8# 1-0